| 000 | 00753nam a2200217Ia 4500 | ||
|---|---|---|---|
| 003 | IN-BaIIA | ||
| 008 | 211028s9999 xx s 000 0 eng d | ||
| 020 | _a2-86883-902-9 (Online) | ||
| 022 | _a1633-4760 (Print) | ||
| 022 | _a1638-1963 (Online) | ||
| 040 | _cIIA Library | ||
| 100 |
_aCarbillet, M., ed. _938156 |
||
| 245 | 0 |
_aAstronomy with High Contrast Imaging III: Instrumental Techniques, Modeling and Data Processing _h[eBook] |
|
| 260 |
_aFrance _bEDP Sciences _c2006 |
||
| 300 | _a397p. | ||
| 490 | _aEAS Publications Series | ||
| 700 |
_aAime, C., ed. _938157 |
||
| 700 |
_aFerrari, A., ed. _913129 |
||
| 856 |
_uhttps://www.eas-journal.org/articles/eas/abs/2006/05/contents/contents.html _yClick Here to Access eBook |
||
| 942 | _cEB | ||
| 999 |
_c20616 _d20616 |
||